000 00683cam a2200241ua 4500
001 11913
008 191118n ii |||gr||||Z||||||eng
020 _a9789384207694
040 _cMAIN
041 _aeng
082 _a338.9
100 _aRahul Singh,
_eAuthor.
245 _aEconomic growth and sustainable development :
_binnovative business practices /
_cBy Rahul Singh and others .
250 _a1st ed.
260 _aDelhi:
_bDominant,
_c2017.
300 _a287p.
653 _aProduction
653 _aEconomic development
700 _aRahul Kumar Mishra,
_eAuthor.
700 _aSomendra Pratap Singh,
_eAuthor.
700 _aShiva Singh,
_eAuthor.
942 _cBK
999 _c10701
_d10701